00517nam a2200205Ia 4500003000400000005001700004008004100021020001800062040000700080041001200087082001500099100001400114245005000128260004600178300001000224365001300234650002200247650002200269700002000291OSt20250804190759.0210423s1999 xx 000 0 und d a81-7594-035-2 cAL aEnglish a320 bKUMM aRaj Kumar aMahatma Gandhib: life, ideology and thoughts aNew DelhibMangal Deep Publicationsc1999 av,151 b295cINR aPolitical Science aPolitical Science aKumar, Vijendra